000 00378 a2200169 4500
001 72463
020 _a8532202349
040 _cAnchieta - Colégio São Paulo
100 _aAlbergaria, Lino de
240 1 0 _aCinco anos sem chover
_lpor
245 1 0 _aCinco anos sem chover
300 _a63
362 0 _a1996
440 1 _aFTD
650 4 _aLiteratura juvenil
942 _cBK
999 _c72463
_d72463